[Event "33. Torneo Internacional La Roda "]
[Site "La Roda ESP"]
[Date "2006.04.12"]
[Round "1.1"]
[White "Ramos Lor, Josep"]
[Black "Mirzoev, Azer"]
[Result "0-1"]
[WhiteElo "2064"]
[BlackElo "2532"]
[PlyCount "104"]
[EventDate "2006.04.12"]
[EventType "swiss"]
[EventRounds "9"]
[EventCountry "ESP"]
[Source "lmi"]
[SourceDate "2006.04.15"]

1. e4 c5 2. Nf3 Nc6 3. d4 cxd4 4. Nxd4 e6 5. a3 Nf6 6. Nc3 Qc7 7. Ndb5 Qb8 8.
Bg5 a6 9. Nd4 Be7 10. Be2 b5 11. Qd2 Bb7 12. Nf3 O-O 13. O-O d6 14. Rfd1 Rd8
15. Qe1 Qc7 16. Rac1 Rac8 17. h3 h6 18. Be3 Nd7 19. Nd2 Bf6 20. Nb3 Nde5 21.
Qf1 Ng6 22. Qe1 Nce5 23. Nd2 Nd7 24. Ndb1 Nc5 25. f3 Be5 26. Qf2 Qe7 27. Bd4
Bf4 28. Be3 Nd7 29. Bxf4 Nxf4 30. Qg3 e5 31. Bf1 Nf6 32. Qh4 Qc7 33. Qf2 g5 34.
g3 Ng6 35. Nd5 Nxd5 36. exd5 Qc5 37. Nc3 f5 38. Bd3 Ne7 39. Bf1 Kg7 40. g4 Rf8
41. Qxc5 Rxc5 42. Bd3 fxg4 43. fxg4 Bxd5 44. Be4 Rxc3 45. Bxd5 Rc5 46. Bb7 d5
47. Bxa6 Rb8 48. Re1 e4 49. a4 bxa4 50. c4 Rxb2 51. Ra1 Rb4 52. cxd5 Nxd5 0-1

[Event "33. Torneo Internacional La Roda "]
[Site "La Roda ESP"]
[Date "2006.04.12"]
[Round "1.3"]
[White "Sanchez Gonzalez, Sergio"]
[Black "Franco, Zenon"]
[Result "0-1"]
[WhiteElo "2058"]
[BlackElo "2530"]
[PlyCount "60"]
[EventDate "2006.04.12"]
[EventType "swiss"]
[EventRounds "9"]
[EventCountry "ESP"]
[Source "lmi"]
[SourceDate "2006.04.15"]

1. b3 d5 2. Bb2 c5 3. e3 a6 4. c4 d4 5. Qh5 e6 6. Nf3 Nc6 7. exd4 cxd4 8. Ne5
Nh6 9. Be2 Nb4 10. Na3 g6 11. Qh3 Bg7 12. f4 O-O 13. O-O f6 14. Ng4 Nxg4 15.
Bxg4 f5 16. Bf3 Nd3 17. Bxb7 Nxf4 18. Rxf4 Bxb7 19. Rh4 h5 20. Qg3 e5 21. Rh3
Kh7 22. c5 f4 23. Qe1 Qg5 24. Qf2 e4 25. Bxd4 e3 26. dxe3 fxe3 27. Bxe3 Rxf2
28. Bxg5 Rxg2+ 29. Kf1 Rxg5 30. Rc1 Bg2+ 0-1

[Event "33. Torneo Internacional La Roda "]
[Site "La Roda ESP"]
[Date "2006.04.12"]
[Round "1.4"]
[White "Suba, Mihai"]
[Black "Rodriguez Ferrer, Pablo"]
[Result "1-0"]
[WhiteElo "2527"]
[BlackElo "2056"]
[PlyCount "59"]
[EventDate "2006.04.12"]
[EventType "swiss"]
[EventRounds "9"]
[EventCountry "ESP"]
[Source "lmi"]
[SourceDate "2006.04.15"]

1. Nf3 d5 2. c4 e6 3. g3 Nf6 4. Bg2 Nc6 5. O-O dxc4 6. Qa4 Bd7 7. Qxc4 Bd6 8.
d4 O-O 9. Bg5 h6 10. Bxf6 Qxf6 11. Nc3 Rfe8 12. Rfd1 Rad8 13. Rac1 a6 14. Ne4
Qe7 15. e3 b5 16. Qe2 Nb4 17. a3 Nd5 18. Nc5 Bc8 19. e4 Bxc5 20. Rxc5 Nb6 21.
Rdc1 Nc4 22. b3 Nxa3 23. Rxc7 Qb4 24. Ne5 Qxb3 25. Qh5 Rf8 26. Nxf7 Rd7 27.
Nxh6+ gxh6 28. Qg6+ Kh8 29. Qxh6+ Kg8 30. Rxc8 1-0

[Event "33. Torneo Internacional La Roda "]
[Site "La Roda ESP"]
[Date "2006.04.12"]
[Round "1.5"]
[White "Garcia Gata, Jorge David"]
[Black "Cicak, Slavko"]
[Result "0-1"]
[WhiteElo "2054"]
[BlackElo "2506"]
[PlyCount "62"]
[EventDate "2006.04.12"]
[EventType "swiss"]
[EventRounds "9"]
[EventCountry "ESP"]
[Source "lmi"]
[SourceDate "2006.04.15"]

1. d4 g6 2. Nf3 Bg7 3. c4 d6 4. e4 Bg4 5. Be2 Nc6 6. Be3 e5 7. d5 Bxf3 8. Bxf3
Nd4 9. Nc3 c5 10. Bg4 a6 11. Ne2 Nf6 12. Nxd4 cxd4 13. Bg5 Qa5+ 14. Bd2 Qc7 15.
Qa4+ b5 16. Qd1 Nxg4 17. Qxg4 bxc4 18. Rc1 O-O 19. h4 Rab8 20. h5 Rxb2 21. hxg6
fxg6 22. Qh3 h5 23. Qe6+ Kh7 24. g4 Rf6 25. Qe8 c3 26. Bxc3 dxc3 27. gxh5 g5
28. Rh3 Qc4 29. Re3 Rfxf2 30. Qg6+ Kh8 31. Qe8+ Bf8 0-1

[Event "33. Torneo Internacional La Roda "]
[Site "La Roda ESP"]
[Date "2006.04.12"]
[Round "1.6"]
[White "Lazarev, Vladimir"]
[Black "Lopez Quevedo, Angel Carlos"]
[Result "1/2-1/2"]
[WhiteElo "2497"]
[BlackElo "2042"]
[PlyCount "96"]
[EventDate "2006.04.12"]
[EventType "swiss"]
[EventRounds "9"]
[EventCountry "ESP"]
[Source "lmi"]
[SourceDate "2006.04.15"]

1. d4 f5 2. g3 Nf6 3. Bg2 g6 4. b4 Bg7 5. Bb2 d6 6. Nf3 O-O 7. O-O Kh8 8. c4 e5
9. dxe5 Nfd7 10. Qb3 Nxe5 11. Nbd2 Nbc6 12. b5 Nxf3+ 13. Nxf3 Ne5 14. Nxe5 Bxe5
15. Bxe5+ dxe5 16. Rad1 Qf6 17. Rd2 e4 18. f3 exf3 19. Bxf3 a6 20. a4 axb5 21.
axb5 Ra1 22. Rxa1 Qxa1+ 23. Rd1 Qf6 24. c5 b6 25. cxb6 cxb6 26. Qe3 Kg7 27. Rc1
Bd7 28. Rc7 Rf7 29. Bc6 Bxc6 30. Rxc6 Re7 31. Qxb6 Qa1+ 32. Kf2 Qb2 33. Re6
Rxe6 34. Qxe6 Qxb5 35. Qe7+ Kg8 36. h4 Qb6+ 37. Kf3 Qd4 38. Qb7 Qg1 39. Qc8+
Kg7 40. Qc3+ Kf7 41. Qc7+ Kg8 42. Qd8+ Kg7 43. Qe7+ Kg8 44. Qe8+ Kg7 45. Qe5+
Kf7 46. Qc7+ Kg8 47. Qd8+ Kg7 48. Qe7+ Kg8 1/2-1/2

[Event "33. Torneo Internacional La Roda "]
[Site "La Roda ESP"]
[Date "2006.04.12"]
[Round "1.7"]
[White "Chueca Forcen, Alberto"]
[Black "Castellanos, Renier"]
[Result "0-1"]
[WhiteElo "2040"]
[BlackElo "2467"]
[PlyCount "78"]
[EventDate "2006.04.12"]
[EventType "swiss"]
[EventRounds "9"]
[EventCountry "ESP"]
[Source "lmi"]
[SourceDate "2006.04.15"]

1. d4 Nf6 2. c4 e6 3. Nc3 c5 4. d5 exd5 5. cxd5 d6 6. e4 g6 7. h3 Bg7 8. Nf3
O-O 9. Bd3 Nh5 10. g4 Nf6 11. Bf4 a6 12. a4 Re8 13. O-O h5 14. g5 Nh7 15. Kh2
Qd7 16. Ng1 Qe7 17. Qd2 Nd7 18. Be3 Ne5 19. Be2 c4 20. f4 Nd3 21. Bxd3 cxd3 22.
Qxd3 Bxc3 23. Qxc3 Qxe4 24. Bd4 Bf5 25. Rae1 Qxd5 26. Bh8 f6 27. gxf6 Rec8 28.
f7+ Qxf7 29. Qd4 Rc4 30. Qxd6 Rc2+ 31. Kh1 Kxh8 32. Re7 Rc6 33. Qb4 Qd5+ 34.
Nf3 Rc4 35. Qe1 Rf8 36. Qe5+ Nf6 37. Qxd5 Nxd5 38. Rxb7 Be4 39. Kh2 Ne3 0-1

[Event "33. Torneo Internacional La Roda "]
[Site "La Roda ESP"]
[Date "2006.04.12"]
[Round "1.8"]
[White "Velicka, Petr"]
[Black "Benitez Fernandez, Martin Jesus"]
[Result "1/2-1/2"]
[WhiteElo "2456"]
[BlackElo "2035"]
[PlyCount "160"]
[EventDate "2006.04.12"]
[EventType "swiss"]
[EventRounds "9"]
[EventCountry "ESP"]
[Source "lmi"]
[SourceDate "2006.04.15"]

1. e4 e5 2. Nf3 Nc6 3. Bc4 Nf6 4. d3 Be7 5. O-O d6 6. a4 O-O 7. a5 Bg4 8. c3 a6
9. Re1 Qd7 10. Nbd2 Kh8 11. Nf1 Nh5 12. Ne3 f5 13. h3 Bxh3 14. gxh3 fxe4 15.
Ng5 Nf4 16. Nf7+ Rxf7 17. Bxf7 Rf8 18. Qg4 Qxg4+ 19. hxg4 Nxd3 20. Re2 Rxf7 21.
Nd5 Bd8 22. Be3 h6 23. Ra4 g5 24. Kf1 Kg7 25. Rd2 Nf4 26. Bxf4 gxf4 27. Re2
Nxa5 28. Rxa5 c6 29. Ra4 cxd5 30. Rd2 Kf6 31. Rxd5 Ke6 32. c4 Bb6 33. b4 Bd4
34. b5 axb5 35. Rxb5 Rg7 36. Ra8 Rxg4 37. Rxb7 Rg6 38. Rf8 f3 39. Rff7 Rf6 40.
Rxf6+ Kxf6 41. Rd7 Bc5 42. Rd8 Bb4 43. Rd7 Ke6 44. Rg7 Bd2 45. Rg6+ Kd7 46. Rg4
Bf4 47. Rg8 Kc7 48. Ra8 Kb7 49. Rd8 Kc7 50. Ra8 Kb7 51. Rd8 Kc6 52. Rc8+ Kb6
53. Ke1 e3 54. fxe3 Bxe3 55. Rf8 f2+ 56. Ke2 Bd4 57. Rf6 Kc5 58. Rxh6 e4 59.
Rh4 e3 60. Rh6 Be5 61. Rh4 Bd4 62. Rh6 Kc6 63. Rh5 Bc5 64. Rh1 Kd7 65. Rh5 Ke6
66. Rd5 Bb4 67. Kf1 Bc5 68. Ke2 Kd7 69. Rh5 Kc6 70. Rd5 Kb6 71. Rd1 Ka5 72. Rb1
Ka4 73. Kf1 Ka3 74. Ke2 Ka2 75. Rb8 Ba3 76. Rb5 Bc5 77. Rb8 Ka3 78. Rb1 Bd4 79.
Rd1 Bc5 80. Rb1 Ka2 1/2-1/2

[Event "33. Torneo Internacional La Roda "]
[Site "La Roda ESP"]
[Date "2006.04.12"]
[Round "1.9"]
[White "Ballester Llagaria, Luis"]
[Black "Bellon Lopez, Juan Manuel"]
[Result "0-1"]
[WhiteElo "2035"]
[BlackElo "2440"]
[PlyCount "51"]
[EventDate "2006.04.12"]
[EventType "swiss"]
[EventRounds "9"]
[EventCountry "ESP"]
[Source "lmi"]
[SourceDate "2006.04.15"]

1. e4 c5 2. Nf3 e6 3. d4 cxd4 4. Nxd4 Nf6 5. Nc3 Qb6 6. Be3 a6 7. Nb3 Qc7 8. a3
b5 9. Bd3 Bb7 10. O-O d6 11. f3 Nbd7 12. Qd2 Be7 13. Rac1 O-O 14. a4 bxa4 15.
Nxa4 d5 16. exd5 Nxd5 17. Bf2 h6 18. Qe2 Nf4 19. Qd2 Rad8 20. Bg3 Bg5 21. Rcd1
Nf6 22. Qc3 Qb8 23. Nac5 N6h5 24. Bf2 Rxd3 25. Qb4 Rxd1 26. Rxd1 0-1

[Event "33. Torneo Internacional La Roda "]
[Site "La Roda ESP"]
[Date "2006.04.12"]
[Round "1.10"]
[White "Saldaño, Horacio"]
[Black "Andres Julia, Vicente"]
[Result "1-0"]
[WhiteElo "2440"]
[BlackElo "2031"]
[PlyCount "83"]
[EventDate "2006.04.12"]
[EventType "swiss"]
[EventRounds "9"]
[EventCountry "ESP"]
[Source "lmi"]
[SourceDate "2006.04.15"]

1. d4 Nf6 2. Nf3 g6 3. c4 Bg7 4. g3 O-O 5. Bg2 d6 6. O-O Nc6 7. Nc3 a6 8. b3
Rb8 9. Nd5 b5 10. Nxf6+ Bxf6 11. Bh6 Re8 12. Rc1 Bd7 13. d5 Ne5 14. Nxe5 Bxe5
15. f4 Bf6 16. c5 Qc8 17. cxd6 exd6 18. e4 Bh3 19. Qf3 Bd4+ 20. Kh1 f6 21. Rcd1
Bg4 22. Qd3 Bxd1 23. Qxd4 Bg4 24. Qxf6 Qd7 25. f5 Qe7 26. Qc3 gxf5 27. h3 Bh5
28. Rxf5 Bg6 29. Rg5 b4 30. Qd4 c5 31. dxc6 Qc7 32. h4 Re5 33. Qe3 Rbb5 34. Qf4
Qf7 35. c7 Rbc5 36. Rxe5 dxe5 37. Qg4 Rxc7 38. h5 Rc2 39. hxg6 Qxg6 40. Qh4
Rxa2 41. Qd8+ Kf7 42. Qf8+ 1-0

[Event "33. Torneo Internacional La Roda "]
[Site "La Roda ESP"]
[Date "2006.04.12"]
[Round "1.11"]
[White "Ramirez Rus, Esteban"]
[Black "Minzer, Claudio Javier"]
[Result "0-1"]
[WhiteElo "2021"]
[BlackElo "2432"]
[PlyCount "128"]
[EventDate "2006.04.12"]
[EventType "swiss"]
[EventRounds "9"]
[EventCountry "ESP"]
[Source "lmi"]
[SourceDate "2006.04.15"]

1. e4 c5 2. c3 d5 3. exd5 Qxd5 4. d4 e6 5. Nf3 Nf6 6. Bb5+ Bd7 7. Bxd7+ Nbxd7
8. O-O Be7 9. h3 O-O 10. Be3 Rfd8 11. Nbd2 Qh5 12. Re1 Nd5 13. c4 Nxe3 14. fxe3
Rac8 15. a3 Nb8 16. Qe2 Nc6 17. dxc5 a5 18. Ne4 Qf5 19. Nd6 Bxd6 20. cxd6 Rxd6
21. Rac1 Qc5 22. Rc3 b6 23. Rd1 Rxd1+ 24. Qxd1 Rd8 25. Qe2 Ne7 26. g4 h5 27.
Nd4 hxg4 28. hxg4 Qg5 29. Qg2 e5 30. Nf3 Rd1+ 31. Kf2 Qf6 32. Ke2 Rb1 33. Rc2
Qc6 34. Nh4 e4 35. Nf5 Nxf5 36. gxf5 a4 37. Qg3 Qh6 38. Kd2 Rh1 39. Qf4 Rh2+
40. Kc1 Rh1+ 41. Kd2 Qc6 42. Kc3 Rh3 43. Rd2 Qc5 44. Rd4 Qa5+ 45. b4 axb3+ 46.
Kxb3 Qe1 47. Rxe4 Qb1+ 48. Kc3 Qa1+ 49. Kb3 Qb1+ 50. Kc3 Rh1 51. Kd4 Rd1+ 52.
Ke5 Rd8 53. Rd4 Re8+ 54. Kd5 Qb3 55. f6 Qxa3 56. Kc6 Qa8+ 57. Kxb6 Rb8+ 58. Kc5
Qa5+ 59. Kd6 Rb6+ 60. Kd7 Qa7+ 61. Kc8 Rc6+ 62. Kd8 Qa8+ 63. Kd7 Qc8+ 64. Ke7
Re6# 0-1

[Event "33. Torneo Internacional La Roda "]
[Site "La Roda ESP"]
[Date "2006.04.12"]
[Round "1.12"]
[White "Bertona, Fernando"]
[Black "Pla Andreu, Abraham"]
[Result "1-0"]
[WhiteElo "2432"]
[BlackElo "2021"]
[PlyCount "65"]
[EventDate "2006.04.12"]
[EventType "swiss"]
[EventRounds "9"]
[EventCountry "ESP"]
[Source "lmi"]
[SourceDate "2006.04.15"]

1. e4 c5 2. Nf3 Nc6 3. Bb5 d6 4. Bxc6+ bxc6 5. O-O e5 6. c3 Bg4 7. h3 Bxf3 8.
Qxf3 Nf6 9. Rd1 d5 10. d3 g6 11. Bg5 Bg7 12. exd5 cxd5 13. c4 O-O 14. Nc3 Qd6
15. Bxf6 Bxf6 16. Qxd5 Qxd5 17. Nxd5 Bg7 18. Rab1 Rab8 19. b3 f5 20. f3 Rbe8
21. Re1 Kf7 22. b4 cxb4 23. Rxb4 Re6 24. Kf1 Ra6 25. a4 Rd8 26. f4 Rd7 27. fxe5
Ke6 28. Nf4+ Ke7 29. e6 Bc3 30. exd7+ Bxe1 31. Kxe1 Kxd7 32. Kd2 g5 33. Nd5 1-0

[Event "33. Torneo Internacional La Roda "]
[Site "La Roda ESP"]
[Date "2006.04.13"]
[Round "1.13"]
[White "Fernandez Gonzalez, Francisco"]
[Black "Zambrana, Oswaldo"]
[Result "0-1"]
[WhiteElo "2016"]
[BlackElo "2425"]
[PlyCount "64"]
[EventDate "2006.04.12"]
[EventType "swiss"]
[EventRounds "9"]
[EventCountry "ESP"]
[Source "lmi"]
[SourceDate "2006.04.15"]

1. d4 d5 2. c4 dxc4 3. Nf3 Nf6 4. e3 e6 5. Bxc4 c5 6. O-O a6 7. Bb3 b5 8. dxc5
Qxd1 9. Rxd1 Nfd7 10. Nc3 Nxc5 11. Bc2 Bb7 12. b4 Ncd7 13. a3 Nb6 14. Ne4 N8d7
15. Ned2 Be7 16. Bb2 O-O 17. Ne5 Nxe5 18. Bxe5 Rfc8 19. Bb3 a5 20. Bd4 Nd5 21.
bxa5 Nc3 22. Bxc3 Rxc3 23. a4 b4 24. Bc4 Rxa5 25. Bb5 Kf8 26. Rab1 Ra8 27. Nc4
Be4 28. Rbc1 Bc2 29. Re1 b3 30. a5 Bb4 31. a6 Rxc4 32. Bxc4 Bxe1 0-1

[Event "33. Torneo Internacional La Roda "]
[Site "La Roda ESP"]
[Date "2006.04.12"]
[Round "1.14"]
[White "Campos, Luis Maria"]
[Black "Sanchez Garcia, Manuel"]
[Result "1-0"]
[WhiteElo "2420"]
[BlackElo "2015"]
[PlyCount "69"]
[EventDate "2006.04.12"]
[EventType "swiss"]
[EventRounds "9"]
[EventCountry "ESP"]
[Source "lmi"]
[SourceDate "2006.04.15"]

1. e4 c5 2. f4 Nc6 3. Nf3 a6 4. d3 d6 5. Be2 e6 6. O-O Qc7 7. c3 Be7 8. d4 cxd4
9. cxd4 d5 10. e5 Nh6 11. Kh1 Bd7 12. Be3 Nf5 13. Bf2 h5 14. Nc3 b5 15. Rc1 h4
16. Kg1 Qb6 17. g4 hxg3 18. hxg3 Na5 19. Bd3 g6 20. Kg2 Nc4 21. Qe2 b4 22. Nb1
Bb5 23. Rh1 Rxh1 24. Rxh1 O-O-O 25. Rh7 Rg8 26. Rxf7 Kd8 27. b3 Na3 28. Nxa3
Bxd3 29. Qxd3 bxa3 30. Rh7 Qb5 31. Qc2 Qe8 32. g4 Ng7 33. Be1 Bf8 34. Ba5+ Ke7
35. Qc5+ 1-0

[Event "33. Torneo Internacional La Roda "]
[Site "La Roda ESP"]
[Date "2006.04.12"]
[Round "1.15"]
[White "Alcaraz Ortega, Javier"]
[Black "Marholev, Dimitar"]
[Result "1/2-1/2"]
[WhiteElo "2014"]
[BlackElo "2419"]
[PlyCount "65"]
[EventDate "2006.04.12"]
[EventType "swiss"]
[EventRounds "9"]
[EventCountry "ESP"]
[Source "lmi"]
[SourceDate "2006.04.15"]

1. d4 d6 2. e4 g6 3. Nc3 Bg7 4. Be3 a6 5. Qd2 b5 6. f3 Bb7 7. Bd3 Nd7 8. Nge2
c5 9. dxc5 dxc5 10. Nf4 c4 11. Be2 Ne5 12. Qxd8+ Rxd8 13. Rd1 Rxd1+ 14. Kxd1 e6
15. Bd4 Ne7 16. a4 b4 17. Na2 N7c6 18. Be3 O-O 19. Kc1 Rc8 20. Rd1 Bf8 21. Kb1
Nb8 22. Nc1 g5 23. Nh5 Be7 24. b3 Nbd7 25. Bxc4 Nxc4 26. Rxd7 Nxe3 27. Rxe7
Nxc2 28. Nd3 Ba8 29. Ne5 Na3+ 30. Kb2 Rc2+ 31. Ka1 Rc1+ 32. Kb2 Rc2+ 33. Ka1
1/2-1/2

[Event "33. Torneo Internacional La Roda "]
[Site "La Roda ESP"]
[Date "2006.04.12"]
[Round "1.16"]
[White "Mateo, Ramon"]
[Black "Alcaraz Soriano, Angela"]
[Result "1-0"]
[WhiteElo "2403"]
[BlackElo "2006"]
[PlyCount "57"]
[EventDate "2006.04.12"]
[EventType "swiss"]
[EventRounds "9"]
[EventCountry "ESP"]
[Source "lmi"]
[SourceDate "2006.04.15"]

1. e4 c5 2. Nf3 d6 3. d4 Nf6 4. Nc3 cxd4 5. Nxd4 a6 6. Bg5 e6 7. Bd3 Be7 8. Qf3
Nbd7 9. O-O Qc7 10. Qg3 Ne5 11. Rad1 Bd7 12. Kh1 Ng6 13. Rfe1 O-O 14. Be3 b5
15. a3 e5 16. Nf5 Rfe8 17. Nxe7+ Rxe7 18. Bg5 Bc6 19. Bxf6 gxf6 20. Nd5 Bxd5
21. exd5 Kh8 22. Qf3 Kg7 23. g3 Ree8 24. h4 Rg8 25. h5 Nf8 26. h6+ Kxh6 27.
Qxf6+ Rg6 28. Bxg6 Nxg6 29. Kg2 1-0

[Event "33. Torneo Internacional La Roda "]
[Site "La Roda ESP"]
[Date "2006.04.12"]
[Round "1.17"]
[White "Gallardo De La Torre, Yasmina"]
[Black "Baron Rodriguez, Jesus"]
[Result "0-1"]
[WhiteElo "2005"]
[BlackElo "2402"]
[PlyCount "152"]
[EventDate "2006.04.12"]
[EventType "swiss"]
[EventRounds "9"]
[EventCountry "ESP"]
[Source "lmi"]
[SourceDate "2006.04.15"]

1. e4 e5 2. Nf3 Nc6 3. Bb5 a6 4. Ba4 Nf6 5. O-O Nxe4 6. Re1 Nc5 7. Bxc6 dxc6 8.
Nxe5 Be7 9. d3 O-O 10. Nc3 Be6 11. Be3 Re8 12. Ne2 f6 13. Nf3 Bf7 14. Ng3 Qd7
15. Nd4 Bf8 16. Ndf5 Kh8 17. h3 Be6 18. Qf3 Qf7 19. Bxc5 Bxc5 20. Ne4 Bf8 21.
Re2 c5 22. Rae1 Rad8 23. b3 b5 24. Nfg3 Bd5 25. Qh5 Qxh5 26. Nxh5 c4 27. dxc4
bxc4 28. Nhg3 Bf7 29. Kf1 Re5 30. Nc3 Rxe2 31. Ngxe2 Rd2 32. Rc1 Ba3 33. Rd1
Rxc2 34. Rd8+ Bg8 35. bxc4 h6 36. Ra8 a5 37. Ke1 Bb4 38. Kd1 Rxc3 39. Nxc3 Bxc3
40. Kc2 Be1 41. Rc8 Bxf2 42. Rxc7 Kh7 43. Kb3 Kg6 44. Ka4 Kf5 45. Kxa5 g5 46.
Kb5 h5 47. a4 Kf4 48. a5 Kg3 49. a6 Kxg2 50. Rc5 Bxc5 51. Kxc5 Bh7 52. Kd5 Kf3
53. c5 g4 54. c6 gxh3 55. c7 h2 56. c8=Q h1=Q 57. a7 Be4+ 58. Kd6 Qh2+ 59. Ke7
Qe5+ 60. Kf8 Qd6+ 61. Kg8 Qd5+ 62. Kh8 f5 63. Qc3+ Kg4 64. Qg7+ Kh3 65. Qc3+
Bf3 66. Qe3 Qe4 67. Qf2 f4 68. Kg7 Bg2 69. Kf6 h4 70. Kg5 Qe5+ 71. Kg6 Be4+ 72.
Kf7 Bd5+ 73. Kg6 Qe3 74. Qf1+ Kg3 75. Qa1 h3 76. a8=Q Qe4+ 0-1

[Event "33. Torneo Internacional La Roda "]
[Site "La Roda ESP"]
[Date "2006.04.12"]
[Round "1.18"]
[White "Pomes Marcet, Juan"]
[Black "Cabrera Galeano, Oscar"]
[Result "1-0"]
[WhiteElo "2396"]
[BlackElo "2004"]
[PlyCount "73"]
[EventDate "2006.04.12"]
[EventType "swiss"]
[EventRounds "9"]
[EventCountry "ESP"]
[Source "lmi"]
[SourceDate "2006.04.15"]

1. d4 Nf6 2. c4 e6 3. Nc3 Bb4 4. e3 c5 5. Nge2 Nc6 6. a3 Bxc3+ 7. Nxc3 cxd4 8.
exd4 d5 9. c5 a5 10. Bf4 O-O 11. Be2 b6 12. Bd6 Re8 13. O-O bxc5 14. dxc5 Ra7
15. Re1 Rb7 16. Rb1 d4 17. Bf3 Bd7 18. Bxc6 Bxc6 19. Qxd4 Nd5 20. Nxd5 Bxd5 21.
b4 Bc6 22. Rb3 Qd7 23. Rg3 f5 24. h4 Ra8 25. Qf4 axb4 26. axb4 Ra4 27. Qg5
Rbxb4 28. Qf6 Qf7 29. Rxg7+ Qxg7 30. Qd8+ Kf7 31. Qe7+ Kg6 32. Rxe6+ Kh5 33.
Qxg7 Rb1+ 34. Kh2 Rxh4+ 35. Kg3 Rg4+ 36. Qxg4+ fxg4 37. Bf4 1-0

[Event "33. Torneo Internacional La Roda "]
[Site "La Roda ESP"]
[Date "2006.04.12"]
[Round "1.19"]
[White "Buendia Morcillo, Luis"]
[Black "Pogorelov, Ruslan"]
[Result "0-1"]
[WhiteElo "2002"]
[BlackElo "2385"]
[PlyCount "57"]
[EventDate "2006.04.12"]
[EventType "swiss"]
[EventRounds "9"]
[EventCountry "ESP"]
[Source "lmi"]
[SourceDate "2006.04.15"]

1. d4 Nf6 2. c4 e6 3. Nc3 Bb4 4. e3 O-O 5. Bd3 c5 6. Nf3 d5 7. O-O cxd4 8. exd4
dxc4 9. Bxc4 b6 10. a3 Bxc3 11. bxc3 Qc7 12. Qe2 Bb7 13. Ne5 Nbd7 14. Nxf7 Rxf7
15. Bxe6 Qxc3 16. Bb2 Qc6 17. d5 Nxd5 18. Rfe1 Nc5 19. Bxf7+ Kxf7 20. Rad1 Kg8
21. f3 Rf8 22. Qe5 Qd7 23. h4 h6 24. Rd4 Qf7 25. Rg4 Nf6 26. Qd6 Nxg4 27. Re7
Re8 28. Rxe8+ Qxe8 29. fxg4 0-1

[Event "33. Torneo Internacional La Roda "]
[Site "La Roda ESP"]
[Date "2006.04.12"]
[Round "1.20"]
[White "Lariño Nieto, David"]
[Black "Picazo Lopez, Ignacio"]
[Result "0-1"]
[WhiteElo "2385"]
[BlackElo "1996"]
[PlyCount "160"]
[EventDate "2006.04.12"]
[EventType "swiss"]
[EventRounds "9"]
[EventCountry "ESP"]
[Source "lmi"]
[SourceDate "2006.04.15"]

1. e4 d5 2. exd5 Nf6 3. d4 Nxd5 4. c4 Nb6 5. Nc3 g6 6. Be3 Bg7 7. Rc1 O-O 8. h3
Nc6 9. Nf3 Re8 10. d5 Ne5 11. Nxe5 Bxe5 12. c5 Nd7 13. Bc4 Bg7 14. O-O Ne5 15.
Bb3 b6 16. c6 Ba6 17. Qd2 Nc4 18. Bxc4 Bxc4 19. Rfd1 e6 20. d6 Qxd6 21. Qxd6
cxd6 22. Ne4 d5 23. Nd6 Red8 24. Nxc4 dxc4 25. c7 Rd5 26. Rxd5 exd5 27. Rd1 Be5
28. Rxd5 Bxc7 29. Bg5 Re8 30. Kf1 Re5 31. Rd7 Rxg5 32. Rxc7 Rb5 33. Rxa7 Rxb2
34. a4 Ra2 35. Rb7 Rb2 36. Ke1 Kg7 37. a5 b5 38. a6 c3 39. a7 Rb1+ 40. Ke2 c2
41. Rc7 Ra1 42. Kd2 c1=Q+ 43. Rxc1 Rxa7 44. Rb1 Rb7 45. Kc3 Kf6 46. Kb4 Ke5 47.
Re1+ Kd4 48. Re3 f5 49. h4 f4 50. Re8 Kd5 51. f3 Rc7 52. Rd8+ Ke5 53. Re8+ Kd4
54. Re4+ Kd3 55. Kxb5 Rc2 56. Rxf4 Rxg2 57. Kc5 Rh2 58. Kd5 Ke3 59. Ke5 Rh3 60.
Rf7 Rxh4 61. f4 Rh5+ 62. f5 g5 63. Rg7 h6 64. f6 g4+ 65. Ke6 Kf4 66. f7 Re5+
67. Kf6 Rf5+ 68. Kg6 h5 69. Rh7 Rg5+ 70. Kh6 Rf5 71. Kg7 Kg5 72. f8=Q Rxf8 73.
Kxf8 g3 74. Ke7 h4 75. Ke6 Kg4 76. Ke5 g2 77. Ke4 Kh3 78. Rg7 Kh2 79. Kf4 h3
80. Kf3 g1=Q 0-1

[Event "33. Torneo Internacional La Roda "]
[Site "La Roda ESP"]
[Date "2006.04.13"]
[Round "2.1"]
[White "Mirzoev, Azer"]
[Black "Romon Poves, Raul"]
[Result "1-0"]
[WhiteElo "2532"]
[BlackElo "2226"]
[PlyCount "65"]
[EventDate "2006.04.12"]
[EventType "swiss"]
[EventRounds "9"]
[EventCountry "ESP"]
[Source "lmi"]
[SourceDate "2006.04.15"]

1. d4 Nf6 2. Nf3 g6 3. c4 Bg7 4. Nc3 d5 5. Qa4+ Bd7 6. Qb3 dxc4 7. Qxc4 O-O 8.
e4 Bg4 9. Be3 Nfd7 10. O-O-O Nb6 11. Qb3 N8d7 12. h3 Bxf3 13. gxf3 e5 14. dxe5
Bxe5 15. f4 Bg7 16. h4 Qe7 17. e5 a5 18. a3 Nc5 19. Qb5 Ncd7 20. h5 c6 21. Qb3
a4 22. Qc2 Nc5 23. Kb1 Rfd8 24. Be2 Rxd1+ 25. Rxd1 Bf8 26. hxg6 hxg6 27. Rd6
Nbd7 28. Bc4 Kh7 29. Rd1 b5 30. Ba2 Na6 31. Ne4 Kg7 32. Ng5 b4 33. Bxf7 1-0

[Event "33. Torneo Internacional La Roda "]
[Site "La Roda ESP"]
[Date "2006.04.13"]
[Round "2.2"]
[White "Serrano Marhuenda, Salvador"]
[Black "Krivoshey, Sergei"]
[Result "0-1"]
[WhiteElo "2194"]
[BlackElo "2531"]
[PlyCount "60"]
[EventDate "2006.04.12"]
[EventType "swiss"]
[EventRounds "9"]
[EventCountry "ESP"]
[Source "lmi"]
[SourceDate "2006.04.15"]

1. e4 e6 2. d4 d5 3. Nc3 Bb4 4. e5 c5 5. a3 Bxc3+ 6. bxc3 Ne7 7. a4 Nbc6 8. Nf3
Qa5 9. Qd2 Bd7 10. Be2 cxd4 11. cxd4 Qxd2+ 12. Kxd2 Nf5 13. c3 Na5 14. Kc2 Rc8
15. Bd3 Rc7 16. Bd2 O-O 17. Rhb1 Ne7 18. Kd1 Nc8 19. Rb4 Nb6 20. Be1 f6 21. Ke2
Be8 22. h3 Bh5 23. g4 Bg6 24. Bxg6 hxg6 25. Rb5 Nbc4 26. exf6 gxf6 27. Bd2 b6
28. h4 Nd6 29. Rb4 Ne4 30. Rc1 Rfc8 0-1

[Event "33. Torneo Internacional La Roda "]
[Site "La Roda ESP"]
[Date "2006.04.13"]
[Round "2.3"]
[White "Franco, Zenon"]
[Black "Bermejo Martinez, Jorge"]
[Result "1/2-1/2"]
[WhiteElo "2530"]
[BlackElo "2216"]
[PlyCount "48"]
[EventDate "2006.04.12"]
[EventType "swiss"]
[EventRounds "9"]
[EventCountry "ESP"]
[Source "lmi"]
[SourceDate "2006.04.15"]

1. c4 Nf6 2. Nc3 c5 3. Nf3 e6 4. e3 Be7 5. d4 b6 6. d5 d6 7. e4 e5 8. Bd3 O-O
9. h3 Na6 10. g4 Ne8 11. Qe2 g6 12. Bh6 Ng7 13. O-O Nc7 14. Kg2 Rb8 15. b3 Bd7
16. Rg1 Qe8 17. Nd2 b5 18. cxb5 Nxb5 19. Nxb5 Bxb5 20. Bxb5 Rxb5 21. Nc4 Qb8
22. f4 exf4 23. Bxf4 Re8 24. Rgb1 Rb7 1/2-1/2

[Event "33. Torneo Internacional La Roda "]
[Site "La Roda ESP"]
[Date "2006.04.13"]
[Round "2.4"]
[White "Sanchez Botella, Luis Javier"]
[Black "Suba, Mihai"]
[Result "0-1"]
[WhiteElo "2185"]
[BlackElo "2527"]
[PlyCount "60"]
[EventDate "2006.04.12"]
[EventType "swiss"]
[EventRounds "9"]
[EventCountry "ESP"]
[Source "lmi"]
[SourceDate "2006.04.15"]

1. e4 c5 2. Nf3 d6 3. d4 cxd4 4. Nxd4 e6 5. Nc3 Nf6 6. Be3 a6 7. f3 b5 8. Qd2
Bb7 9. g4 Qa5 10. Nb3 Qc7 11. O-O-O Nc6 12. g5 Nd7 13. Qf2 Nce5 14. a3 Rb8 15.
h4 Ba8 16. h5 Be7 17. Rg1 Nb6 18. Na5 Na4 19. Nxa4 bxa4 20. Ba7 O-O 21. Bxb8
Rxb8 22. f4 Qxa5 23. fxe5 Qxe5 24. Qd4 Bxg5+ 25. Rxg5 Qxg5+ 26. Kb1 Qxh5 27.
Qxd6 Rf8 28. e5 Bd5 29. Rc1 Qg5 30. Rd1 Rd8 0-1